Pakistan, the formative phase, 1857-1948 (Record no. 482011)

000 -LEADER
fixed length control field 00481 a2200157 4500
020 ## - INTERNATIONAL STANDARD BOOK NUMBER
International Standard Book Number 9780195771145
082 ## - DEWEY DECIMAL CLASSIFICATION NUMBER
Classification number 945.9
090 ## - LOCALLY ASSIGNED LC-TYPE CALL NUMBER (OCLC); LOCAL CALL NUMBER (RLIN)
-- 1219
-- 1219
100 ## - MAIN ENTRY--PERSONAL NAME
Personal name Khalid B. Sayeed
245 ## - TITLE STATEMENT
Title Pakistan, the formative phase, 1857-1948
Statement of responsibility, etc. Khalid B. Sayeed
260 ## - PUBLICATION, DISTRIBUTION, ETC.
Place of publication, distribution, etc. New York : , .
Name of publisher, distributor, etc. Oxford University Press
Date of publication, distribution, etc. 1968
300 ## - PHYSICAL DESCRIPTION
Extent ix, 341 p.
Dimensions 23 cm.
500 ## - GENERAL NOTE
General note Includes Index
650 ## - SUBJECT ADDED ENTRY--TOPICAL TERM
Topical term or geographic name entry element 1.Muslims--India.2.Pakistan--History.3.Pakistan--Politics and government
942 ## - ADDED ENTRY ELEMENTS (KOHA)
Koha item type Book
Holdings
Withdrawn status Lost status Source of classification or shelving scheme Damaged status Not for loan Collection code Permanent Location Current Location Shelving location Date acquired Total Checkouts Full call number Barcode Checked out Date last seen Date last checked out Price effective from Koha item type
            Institute of Environmental Science and Engineering (IESE) Institute of Environmental Science and Engineering (IESE) General Stacks 10/04/2018 3 954.03 SAY IESE-1532 07/05/2023 06/05/2023 06/05/2023 10/04/2018 Book
© 2023 Central Library, National University of Sciences and Technology. All Rights Reserved.